000 00717nam a22002297a 4500
999 _c14549
_d14549
003 AR-CdUCM
008 190423b ||||| |||| 00| 0 spa d
020 _a978-84-9825-131-9
040 _aMUNICIPALIDAD PROVINCIAL DEL CUSCO
_cBIBLIOTECA MUNICIPAL DEL CUSCO
041 _hit
082 _22ed.
_aEP / 376.1 /
_bC73
110 _aCombel
_932671
245 _aEl Pingüino :
_b¿ quien eres ? /
260 _aBarcelona :
_bCombel,
_c2009.
300 _bIlustraciones, graficos, dibujos,
_c24 cm.
500 _aCuentos para niños le petit manchot titulo original
650 _aCuentos
_9312
650 _aHistorias
_92725
700 _aJonas, Anne
_933359
942 _2ddc
_cLIBROS
945 _apjha
_d2019-04-23